Normal view
MARC view
- تأليف: ابن شبة النمري البصري، ابي زيد عمر؛ علق عليه وخرج احاديثه: علي محمد دندل ياسين سعد الدين بيان
Entry Personal Name
001 - CONTROL NUMBER
- control field: 59058
003 - CONTROL NUMBER IDENTIFIER
- control field: JO-AjAnu
005 - DATE AND TIME OF LATEST TRANSACTION
- control field: 20230606083648.0
008 - FIXED-LENGTH DATA ELEMENTS
- fixed length control field: 230606|| aca||aabn | a|a d
040 ## - CATALOGING SOURCE
- Original cataloging agency: JO-AjAnu
- Transcribing agency: JO-AjAnu
100 ## - HEADING--PERSONAL NAME
- Personal name: تأليف: ابن شبة النمري البصري، ابي زيد عمر؛ علق عليه وخرج احاديثه: علي محمد دندل ياسين سعد الدين بيان
670 ## - SOURCE DATA FOUND
- Source citation: Work cat.: (JO-AjAnu)30125: تأليف: ابن شبة النمري البصري، ابي زيد عمر؛ علق عليه وخرج احاديثه: علي محمد دندل ياسين سعد الدين بيان, author, كتاب تاريخ المدينة المنورة(اخبار المدينة المنورة)، ج1